[Event "Trompovsky 30+3"]
[Site "SchemingMind.com"]
[Date "2006.10.04"]
[Round "-"]
[White "Valiantangel"]
[Black "markjburden"]
[Result "1-0"]
[WhiteCountry "SGP"]
[BlackCountry "GBR"]
[WhiteElo "1944"]
[WhiteRD "81"]
[BlackElo "1732"]
[BlackRD "59"]
[GameID "70034"]

1. d4 Nf6 2. Bg5 d6 3. Nc3 c6 4. e4 Nbd7 5. Nf3 e5 6. d5 Be7 7. Bxf6 Nxf6 8. h3 Bd7 9. a3 O-O 10. Bc4 b5
11. Ba2 c5 12. Nd2 a6 13. O-O a5 14. Qe2 Rb8 15. Rab1 b4 16. Nd1 Ba4 17. Bb3 Bb5 18. Bc4 Qd7 19. Ne3 Ba4 20. Bb3 Bb5
21. Bc4 Ba4 22. b3 Bb5 23. a4 Bxc4 24. Nexc4 Qd8 25. f4 exf4 26. Rxf4 Re8 27. Rbf1 Qc7 28. Qf3 Rb7 29. g4 h6 30. h4 Rf8
31. g5 hxg5 32. hxg5 Nh7 33. Rxf7 Rxf7 34. Qxf7+ Kh8 35. g6 Qc8 36. Qf5 Qxf5 37. exf5 Nf6 38. Nxa5 Rd7 39. Re1 Kg8 40. Kf2 Nxd5
41. Kf3 Bf6 42. Re8#
1-0

[Event "Trompovsky 30+3"]
[Site "SchemingMind.com"]
[Date "2006.10.04"]
[Round "-"]
[White "Valiantangel"]
[Black "AlbertoAveiro"]
[Result "0-1"]
[WhiteCountry "SGP"]
[BlackCountry "POR"]
[WhiteElo "1460"]
[WhiteRD "61"]
[BlackElo "1677"]
[BlackRD "101"]
[GameID "70035"]

1. d4 Nf6 2. Bg5 Ne4 3. Bf4 d5 4. e3 e6 5. Nf3 Nc6 6. c4 Bb4+ 7. Nbd2 Nxd2 8. Nxd2 O-O 9. Bd3 dxc4 10. Bxc4 a6
11. O-O b5 12. Be2 Bb7 13. Bf3 Bd6 14. Bxd6 cxd6 15. Rc1 Qd7 16. Qe2 Ne7 17. Rc2 Rac8 18. Rfc1 Rxc2 19. Rxc2 Bxf3 20. Nxf3 Rc8
21. Ne1 Nd5 22. a3 Nb6 23. b3 g6 24. f3 Rxc2 25. Qxc2 Nd5 26. Kf2 Qc7 27. Qxc7 Nxc7 28. Nd3 Kg7 29. Ke2 f5 30. Nb4 h5
31. h4 Kf6 32. f4 e5 33. dxe5+ dxe5 34. Nc6 exf4 35. exf4 Nd5 36. g3 Ke6
0-1

[Event "Trompovsky 30+3"]
[Site "SchemingMind.com"]
[Date "2006.10.04"]
[Round "-"]
[White "Valiantangel"]
[Black "echecs"]
[Result "0-1"]
[WhiteCountry "SGP"]
[BlackCountry "ENG"]
[WhiteElo "1460"]
[WhiteRD "61"]
[BlackElo "1788"]
[BlackRD "65"]
[GameID "70036"]

1. d4 Nf6 2. Bg5 e6 3. e4 Be7 4. e5 Nd5 5. Bxe7 Qxe7 6. a3 d6 7. Nf3 O-O 8. Bc4 Nb6 9. Bb3 d5 10. O-O Bd7
11. Nbd2 c5 12. c3 c4 13. Bc2 Be8 14. h4 f6 15. Qe1 N8d7 16. Qe3 f5 17. a4 a5 18. Ng5 Bh5 19. f3 h6 20. Nh3 Qxh4
21. Rae1 Be8 22. f4 Bh5 23. Nf3 Qg3 24. Qf2 Qg6 25. Qh4 Bg4 26. Qg3 Qh5 27. Bd1 Rfc8 28. Re3 Nf8 29. Nf2 Ng6 30. Nxg4 Qxg4
31. Qxg4 fxg4 32. Nh2 h5 33. f5 Nf8 34. f6 Kf7 35. Bc2 Nfd7 36. fxg7+ Kxg7 37. Ree1 Rf8 38. Rxf8 Nxf8 39. Rf1 Nbd7 40. Rf4 Ng6
41. Rf1 Rb8 42. Kf2 b5 43. Rb1 b4 44. Nf1 b3 45. Bxg6 Kxg6 46. Ne3 Kg5 47. Ke2 Nb6 48. Ra1 Rf8 49. Ra3 Kh4 50. Ra1 Kg3
51. Rh1 h4 52. Rf1 Rxf1 53. Kxf1 Nxa4 54. Nxd5 h3 55. gxh3 gxh3
0-1

[Event "Trompovsky 30+3"]
[Site "SchemingMind.com"]
[Date "2006.10.04"]
[Round "-"]
[White "Valiantangel"]
[Black "ansts"]
[Result "0-1"]
[WhiteCountry "SGP"]
[BlackCountry "PHI"]
[WhiteElo "1918"]
[WhiteRD "79"]
[BlackElo "1741"]
[BlackRD "98"]
[GameID "70037"]

1. d4 Nf6 2. Bg5 e6 3. e4 Be7 4. e5 Nd5 5. Bxe7 Qxe7 6. a3 Nc6 7. Nf3 O-O 8. Bc4 Nf4 9. O-O d5 10. Bb5 Bd7
11. Bxc6 Bxc6 12. Nc3 f5 13. exf6 Qxf6 14. a4 Qg6 15. Nh4 Qg5 16. g3 Nh3+ 17. Kg2 Nf4+ 18. Kh1 Nh3 19. Qe2 e5 20. f4 Nxf4
21. gxf4 Qxh4 22. Qxe5 Rae8 23. Qxc7 Rf7 24. Qd6 Qh3 25. Rf2 Rfe7 26. Raf1 Re6 27. Qc7 Re1 28. Kg1 Rxf1+ 29. Rxf1 Qe3+ 30. Kg2 Qxd4
31. Kg3 Qe3+ 32. Kh4 d4 33. Nb5 Bg2 34. Nd6 Qh3+ 35. Kg5 Qh6+ 36. Kg4 Qh3+ 37. Kg5 h6+ 38. Kg6 Re6#
0-1

[Event "Trompovsky 30+3"]
[Site "SchemingMind.com"]
[Date "2006.10.04"]
[Round "-"]
[White "Valiantangel"]
[Black "Mariazb"]
[Result "0-1"]
[WhiteCountry "SGP"]
[BlackCountry "ARG"]
[WhiteElo "1898"]
[WhiteRD "108"]
[BlackElo "2128"]
[BlackRD "81"]
[GameID "70038"]

1. d4 Nf6 2. Bg5 Ne4 3. Bf4 d5 4. e3 Nc6 5. Nf3 e6 6. Bd3 g5 7. Bxe4 gxf4 8. Bd3 Bd7 9. exf4 Qf6 10. c3 Qxf4
11. b4 e5 12. b5 Nxd4 13. cxd4 e4 14. Ne5 exd3 15. Qxd3 Qc1+ 16. Qd1 Bb4+ 17. Ke2 Qb2+ 18. Nd2 Bxb5+ 19. Ke3 Qc3+ 20. Kf4 Qxd4+
0-1

[Event "Trompovsky 30+3"]
[Site "SchemingMind.com"]
[Date "2006.10.04"]
[Round "-"]
[White "Mekk"]
[Black "Valiantangel"]
[Result "1-0"]
[WhiteCountry "POL"]
[BlackCountry "SGP"]
[WhiteElo "1840"]
[WhiteRD "59"]
[BlackElo "1499"]
[BlackRD "55"]
[GameID "70039"]

1. d4 Nf6 2. Bg5 Ne4 3. Bf4 c5 4. f3 Qa5+ 5. c3 Nf6 6. e4 cxd4 7. Qxd4 Nc6 8. Qd1 d6 9. Bc4 g6 10. Ne2 Bg7
11. O-O O-O 12. Nd2 Qb6+ 13. Kh1 Qxb2 14. Rb1 Qa3 15. Be3 Qa5 16. Nb3 Qc7 17. Bd3 Ne5 18. Bc2 Bd7 19. Nbd4 a6 20. f4 Nc4
21. Bg1 b5 22. f5 Ng4 23. Qd3 Nge5 24. Qd1 Bh6 25. f6 exf6 26. Rxf6 Bg5 27. Rf1 Bg4 28. Nf3 Bxf3 29. gxf3 Be3 30. Nd4 Bxg1
31. Rxg1 Ne3 32. Qe2 Qxc3 33. Rb3 Qxd4 34. Rxe3 Rac8 35. Bb3 Kg7 36. f4
1-0

[Event "Trompovsky 30+3"]
[Site "SchemingMind.com"]
[Date "2006.10.04"]
[Round "-"]
[White "markjburden"]
[Black "Valiantangel"]
[Result "0-1"]
[WhiteCountry "GBR"]
[BlackCountry "SGP"]
[WhiteElo "1699"]
[WhiteRD "63"]
[BlackElo "1888"]
[BlackRD "93"]
[GameID "70040"]

1. d4 Nf6 2. Bg5 Ne4 3. Bf4 c5 4. f3 Qa5+ 5. Bd2 Nxd2 6. Qxd2 Qxd2+ 7. Nxd2 cxd4 8. O-O-O e5 9. Nh3 Be7 10. Nf2 d5
11. Nd3 Nc6 12. a3 O-O 13. g4 b5 14. Bg2 a5 15. h4 a4 16. Rde1 Ba6 17. Bh3 b4 18. axb4 Bxd3 19. exd3 Bxb4 20. Rd1 a3
21. Nb3 a2 22. Na1 Rfb8 23. Rhf1 Bc3 24. bxc3 dxc3
0-1

[Event "Trompovsky 30+3"]
[Site "SchemingMind.com"]
[Date "2006.10.04"]
[Round "-"]
[White "AlbertoAveiro"]
[Black "Valiantangel"]
[Result "1-0"]
[WhiteCountry "POR"]
[BlackCountry "SGP"]
[WhiteElo "1677"]
[WhiteRD "101"]
[BlackElo "1460"]
[BlackRD "61"]
[GameID "70041"]

1. d4 Nf6 2. Bg5 Ne4 3. Bf4 c5 4. Nf3 Qa5+ 5. c3 cxd4 6. Nxd4 Nc6 7. Nxc6 bxc6 8. g3 Nf6 9. Bg2 g6 10. O-O Bg7
11. Qc2 O-O 12. Nd2 Nd5 13. Nb3 Qb6 14. Rfd1 Nxf4 15. gxf4 d5 16. Nd2 Rb8 17. b4 Bf5 18. e4 dxe4 19. Bxe4 Bxe4 20. Nxe4 a5
21. a3 Qc7 22. Qd2 Rbd8 23. Qe3 Rxd1+ 24. Rxd1 Rd8 25. Rxd8+ Qxd8 26. Kg2 Qd5 27. Kf1 Qd1+ 28. Kg2 axb4 29. axb4 Qd5 30. Kg3 h6
31. h3 e5 32. fxe5 Qxe5+ 33. Kg2 f5 34. Nc5 Qxc3 35. Qxc3 Bxc3 36. Nd3
1-0

[Event "Trompovsky 30+3"]
[Site "SchemingMind.com"]
[Date "2006.10.04"]
[Round "-"]
[White "echecs"]
[Black "Valiantangel"]
[Result "0-1"]
[WhiteCountry "ENG"]
[BlackCountry "SGP"]
[WhiteElo "1795"]
[WhiteRD "57"]
[BlackElo "1888"]
[BlackRD "93"]
[GameID "70042"]

1. d4 Nf6 2. Bg5 Ne4 3. Bf4 c5 4. f3 Qa5+ 5. c3 Nf6 6. d5 d6 7. Na3 g6 8. Nc4 Qd8 9. e4 Bg7 10. Bd3 O-O
11. Ne2 b6 12. O-O Ba6 13. Re1 Nbd7 14. b4 Nh5 15. Rc1 Nxf4 16. Nxf4 Bxc4 17. Bxc4 cxb4 18. cxb4 a6 19. a4 b5 20. axb5 axb5
21. Bxb5 Qb6+
0-1

[Event "Trompovsky 30+3"]
[Site "SchemingMind.com"]
[Date "2006.10.04"]
[Round "-"]
[White "ansts"]
[Black "Valiantangel"]
[Result "1-0"]
[WhiteCountry "PHI"]
[BlackCountry "SGP"]
[WhiteElo "1628"]
[WhiteRD "110"]
[BlackElo "1470"]
[BlackRD "75"]
[GameID "70043"]

1. d4 Nf6 2. Bg5 Ne4 3. Bf4 c5 4. d5 Qa5+ 5. c3 d6 6. e3 g6 7. Bd3 Nf6 8. Nf3 Nxd5 9. Bg5 Be6 10. O-O Bg7
11. Qd2 Nc6 12. e4 Nc7 13. Re1 O-O 14. Bh6 Rfe8 15. Qg5 Qb6 16. Bxg7 Kxg7 17. e5 dxe5 18. Nxe5 Nxe5 19. Qxe5+ Kg8 20. Nd2 Nd5
21. Qg5 Rad8 22. Nf3 Nf6 23. Ne5 Kg7 24. Re3 Nd7 25. Ng4 Bxg4 26. Qxg4 Nf6 27. Qe2 e6 28. Re1 Qc7 29. c4 Rd4 30. h3 Red8
31. b3 Qd6 32. Bb1 a5 33. Rf3 Rd2 34. Qe3 b6 35. Qc3 Rd4 36. g4 h6 37. Kg2 Rf4 38. Rd3 Qc6+ 39. Kg1 Rxd3 40. Bxd3 Qf3
41. Qd2 Rd4 42. Re3
1-0

[Event "Trompovsky 30+3"]
[Site "SchemingMind.com"]
[Date "2006.10.04"]
[Round "-"]
[White "Mariazb"]
[Black "Valiantangel"]
[Result "1-0"]
[WhiteCountry "ARG"]
[BlackCountry "SGP"]
[WhiteElo "2224"]
[WhiteRD "68"]
[BlackElo "1888"]
[BlackRD "93"]
[GameID "70044"]

1. d4 Nf6 2. Bg5 Ne4 3. Bf4 c5 4. Nd2 Nxd2 5. Qxd2 cxd4 6. O-O-O Nc6 7. Nf3 g6 8. Nxd4 Bg7 9. Nxc6 bxc6 10. e4 Qb6
11. c3 a5 12. e5 a4 13. h4 h5 14. Rh3 Ra5 15. Qd4 c5 16. Qd5 Qb7 17. Bc4 Qxd5 18. Bxd5 d6 19. Bc6+ Kd8 20. Re3 Kc7
21. Bf3 Bxe5 22. Rxe5
1-0